Welcome to CU Library Online Public Access Catalogue (OPAC)

Essentials of the Ghana law of evidence / (Record no. 1256)

MARC details
000 -LEADER
fixed length control field 00584cam a2200157 i 4500
001 - CONTROL NUMBER
control field 18306786
005 - DATE AND TIME OF LATEST TRANSACTION
control field 20241115174535.0
008 - FIXED-LENGTH DATA ELEMENTS--GENERAL INFORMATION
fixed length control field 140918s2014 gh b 001 0 eng
020 ## - INTERNATIONAL STANDARD BOOK NUMBER
International Standard Book Number 9789988199616
050 00 - LIBRARY OF CONGRESS CALL NUMBER
Classification number KRX3542
Item number .B76 BRO 2014
100 1# - MAIN ENTRY--PERSONAL NAME
Personal name Brobbey, S. A.
245 10 - TITLE STATEMENT
Title Essentials of the Ghana law of evidence /
Statement of responsibility, etc. by Hon Justice S.A. Brobbey, former justice of the Supreme Court, Ghana, former chief justice of the Republic of the Gambia, senior lecturer, Ghana School of Law.
300 ## - PHYSICAL DESCRIPTION
Extent lv, 622 pages ;
Dimensions 23 cm
650 #0 - SUBJECT ADDED ENTRY--TOPICAL TERM
Topical term or geographic name entry element Evidence (Law)
Geographic subdivision Ghana.
942 ## - ADDED ENTRY ELEMENTS (KOHA)
Source of classification or shelving scheme Library of Congress Classification
Koha item type Books
Suppress in OPAC No
999 ## -
-- 1256
-- 1256
Holdings
Withdrawn status Lost status Source of classification or shelving scheme Damaged status Not for loan Collection Home library Current library Shelving location Date acquired Total checkouts Barcode Date last seen Price effective from Koha item type
    Library of Congress Classification     Non-fiction Law Library (Christ Temple) Law Library (Christ Temple) General stacks 11/15/2024   llct00000036 11/15/2024 11/15/2024 Books
    Library of Congress Classification     Non-fiction Law Library (Christ Temple) Law Library (Christ Temple) General stacks 11/15/2024   llct00000037 11/15/2024 11/15/2024 Books
    Library of Congress Classification     Non-fiction Law Library (Christ Temple) Law Library (Christ Temple) General stacks 11/15/2024   llct00000038 11/15/2024 11/15/2024 Books
© 2023-2024 Copyright: Central University Libraries. All Rights Reserved | Created by: Mahone Tech Office